LEADER 03075nam 2200673 450 001 9910822409403321 005 20200520144314.0 010 $a1-118-84290-1 010 $a1-118-84284-7 010 $a1-118-84296-0 035 $a(CKB)2550000001127207 035 $a(EBL)1441230 035 $a(OCoLC)858778399 035 $a(SSID)ssj0001002389 035 $a(PQKBManifestationID)11649978 035 $a(PQKBTitleCode)TC0001002389 035 $a(PQKBWorkID)11014940 035 $a(PQKB)11688910 035 $a(MiAaPQ)EBC4039172 035 $a(OCoLC)868956302 035 $a(MiAaPQ)EBC1441230 035 $a(Au-PeEL)EBL1441230 035 $a(CaPaEBR)ebr10774353 035 $a(EXLCZ)992550000001127207 100 $a20130918h20142014 uy| 0 101 0 $aeng 135 $aur|n|---||||| 181 $ctxt 182 $cc 183 $acr 200 00$aResponsive materials and methods $estate-of-the-art stimuli-responsive materials and their applications /$fedited by Ashutosh Tiwari and Hisatoshi Kobayashi 210 1$aHoboken, New Jersey :$cScrivener Publishing :$cJohn Wiley & Sons, Inc,$d[2014] 210 4$dİ2014 215 $a1 online resource (460 p.) 225 0 $aAdvance materials series 300 $aDescription based upon print version of record. 311 $a1-118-68622-5 311 $a1-299-96620-9 320 $aIncludes bibliographical references and index. 327 $apart 1. Stimuli-responsive polymeric materials -- part 2. Smart nano-engineered materials -- part 3. Smart biosystems engineering -- part 4. Theory and modeling. 330 $a"The development of finely-tuned materials that adjust in a predictable manner by specific environment change is the recent arena of materials research. It is a newly emerging supra-disciplinary field with huge commercial potential. Stimuli-responsive materials answer by a considerable change in their properties to small changes in their environment. Responsive materials are becoming increasingly more prevalent as scientists learn about the chemistry and triggers that induce conformational changes in materials structures and devise ways to take advantage of and control them. Responsive Materials and Method offers state-of-the-art of the stimuli-responsive materials and their potential applications.This collection brings together novel methodologies and strategies adopted in the research and development of responsive materials and technology"--$cProvided by publisher. 410 0$aAdvance Materials Series 606 $aSmart materials 606 $aPolymers 606 $aNanostructured materials 615 0$aSmart materials. 615 0$aPolymers. 615 0$aNanostructured materials. 676 $a620.1/92 686 $aTEC021000$2bisacsh 701 $aTiwari$b Ashutosh$0738472 701 $aKobayashi$b Hisayoshi$01644316 801 0$bMiAaPQ 801 1$bMiAaPQ 801 2$bMiAaPQ 906 $aBOOK 912 $a9910822409403321 996 $aResponsive materials and methods$93990118 997 $aUNINA LEADER 03625nam 22007332 450 001 9910819789303321 005 20151005020622.0 010 $a1-107-21778-4 010 $a1-139-08872-6 010 $a1-283-12746-6 010 $a1-139-09250-2 010 $a9786613127464 010 $a1-139-09301-0 010 $a1-139-09199-9 010 $a1-139-09019-4 010 $a1-139-09110-7 010 $a1-139-00361-5 035 $a(CKB)3460000000002919 035 $a(EBL)713055 035 $a(OCoLC)735595823 035 $a(SSID)ssj0000523549 035 $a(PQKBManifestationID)11332670 035 $a(PQKBTitleCode)TC0000523549 035 $a(PQKBWorkID)10543397 035 $a(PQKB)11770336 035 $a(UkCbUP)CR9781139003612 035 $a(MiAaPQ)EBC713055 035 $a(Au-PeEL)EBL713055 035 $a(CaPaEBR)ebr10476515 035 $a(CaONFJC)MIL312746 035 $a(PPN)154981451 035 $a(EXLCZ)993460000000002919 100 $a20110124d2011|||| uy| 0 101 0 $aeng 135 $aur||||||||||| 181 $ctxt$2rdacontent 182 $cc$2rdamedia 183 $acr$2rdacarrier 200 10$aInvisible hands, Russian experience, and social science $eapproaches to understanding systemic failure /$fStefan Hedlund$b[electronic resource] 210 1$aCambridge :$cCambridge University Press,$d2011. 215 $a1 online resource (xvi, 307 pages) $cdigital, PDF file(s) 300 $aTitle from publisher's bibliographic system (viewed on 05 Oct 2015). 311 $a1-107-62781-8 311 $a0-521-76810-1 320 $aIncludes bibliographical references and index. 327 $aOpportunity and self-interest -- Scope and tradition of social science -- Markets under central planning -- Russia's historical legacy -- Markets everywhere -- Institutional choice -- History matters -- Concluding discussion -- Implications for social science. 330 $aThis book investigates cases in which national and international activities have gone massively wrong, entailing seriously negative consequences, and in which the sophisticated analytical models of social science have ceased to be helpful. Illustrations range from the global financial crisis to the failure to achieve speedy systemic change in the former Soviet Union and the failure to achieve development in the Third World. The analysis uses as a backdrop long-term Russian history and short-term Russian encounters with unrestrained capitalism to develop a framework that is based in the so-called new institutionalism. Understanding the causes of systemic failure is shown to require an approach that spans across the increasingly specialized subdisciplines of modern social science. Demonstrating that increasing theoretical sophistication has been bought at the price of a loss of perspective and the need for sensitivity to the role of cultural and historical specificity, the book pleads the case for a new departure in seeking to model the motives for human action. 517 3 $aInvisible Hands, Russian Experience, & Social Science 606 $aEconomics 606 $aEconomic development$zRussia (Federation) 606 $aEconomic history 606 $aFinancial crises 615 0$aEconomics. 615 0$aEconomic development 615 0$aEconomic history. 615 0$aFinancial crises. 676 $a330 700 $aHedlund$b Stefan$f1953-$0123767 801 0$bUkCbUP 801 1$bUkCbUP 906 $aBOOK 912 $a9910819789303321 996 $aInvisible hands, Russian experience, and social science$94023097 997 $aUNINA